[Event "Dubai op-B 23rd"]
[Site "Dubai"]
[Date "2023.05.31"]
[Round "5"]
[White "Noman, Shaima"]
[Black "Marcos, Marvin"]
[Result "0-1"]
[WhiteElo "1488"]
[BlackElo "2019"]
[PlyCount "72"]
[EventDate "2023.05.27"]
[EventType "swiss"]
[EventRounds "9"]
[EventCountry "UAE"]
[SourceTitle "CBM 214 Extra"]
[Source "ChessBase"]
[SourceDate "2023.07.31"]
[SourceVersion "1"]
[SourceVersionDate "2023.07.31"]
[SourceQuality "1"]

1. e4 d6 2. d4 Nf6 3. Nc3 Nbd7 4. Nf3 e5 5. Bc4 Be7 6. 0-0 c6 7. a4 Qc7 8. h3 h6 9. Re1 Nf8 10. a5 g5 11. d5 g4 12. hxg4 Bxg4 13. a6 b5 14. Bb3 b4 15. Nb1 c5 16. Nbd2 Ng6 17. Nf1 Nh4 18. N1h2 Nxf3+ 19. Nxf3 Nh5 20. Qd3 Kf8 21. Bd2 Kg7 22. Nh2 Qc8 23. Qb5 Bg5 24. Bxg5 hxg5 25. Qb7 Nf4 26. Qxc8 Bxc8 27. f3 Rb8 28. Bc4 Bd7 29. Nf1 g4 30. Kf2 gxf3 31. Kxf3 f5 32. Ne3 fxe4+ 33. Kxe4 Nh5 34. b3 Rbf8 35. Be2 Rf4+ 36. Kd3 Rd4# 0-1

[Event "Sharjah Blitz"]
[Site "Sharjah"]
[Date "2023.03.28"]
[Round "9"]
[White "Marcos, Marvin"]
[Black "Amin, Bassem"]
[Result "0-1"]
[WhiteElo "2019"]
[BlackElo "2691"]
[PlyCount "53"]
[EventDate "2023.03.28"]
[EventType "swiss (blitz)"]
[EventRounds "9"]
[EventCountry "UAE"]
[SourceTitle "CBM 213 Extra"]
[Source "ChessBase"]
[SourceDate "2023.05.31"]
[SourceVersion "1"]
[SourceVersionDate "2023.05.31"]
[SourceQuality "1"]

1. d4 Nf6 2. Bf4 g6 3. Nc3 d5 4. e3 Bg7 5. h4 c6 6. Be2 h5 7. Nf3 0-0 8. Ne5 Nbd7 9. f3 Qb6 10. Rb1 Nxe5 11. Bxe5 Bf5 12. Bxf6 exf6 13. g4 hxg4 14. fxg4 Bd7 15. h5 Rfe8 16. Qd3 f5 17. Kd2 f4 18. hxg6 Rxe3 19. gxf7+ Kxf7 20. Qh7 Rh8 21. Bd3 Rxh7 22. Rxh7 Qxd4 23. Rf1 Bxg4 24. Rh4 Bf5 25. Rhxf4 Rxd3+ 26. Kc1 Bh6 27. Nb1 0-1

[Event "Ramadan Masters Online"]
[Site "Chess.com INT"]
[Date "2020.05.08"]
[Round "3"]
[White "Marcos, Marvin"]
[Black "Landa, Konstantin"]
[Result "0-1"]
[WhiteElo "2111"]
[BlackElo "2628"]
[PlyCount "126"]
[EventDate "2020.05.08"]
[EventType "swiss (blitz)"]
[EventRounds "12"]
[EventCountry "USA"]
[SourceTitle "CBM 196 Extra"]
[Source "ChessBase"]
[SourceDate "2020.07.31"]
[SourceVersion "1"]
[SourceVersionDate "2020.07.31"]
[SourceQuality "1"]

1. d4 d5 2. Bf4 e6 3. e3 Bd6 4. Bg3 Nf6 5. Nd2 0-0 6. Bd3 c5 7. c3 Qc7 8. Ngf3 Nbd7 9. 0-0 Bxg3 10. hxg3 e5 11. dxe5 Nxe5 12. Nxe5 Qxe5 13. Nf3 Qe7 14. Qc2 Rd8 15. Rfe1 b6 16. Rad1 Bb7 17. a3 Rac8 18. Qa4 Ba8 19. Bf5 Rb8 20. Qc2 g6 21. Bd3 Kg7 22. c4 dxc4 23. Bxc4 Bxf3 24. gxf3 h5 25. Kg2 Qe5 26. Qc3 Qxc3 27. bxc3 Kf8 28. e4 Ke7 29. e5 Ne8 30. f4 b5 31. Ba2 Nc7 32. Kf3 c4 33. Bb1 Ne6 34. Ke3 Rb6 35. Be4 Ra6 36. Ra1 Nc5 37. Reb1 Ra5 38. Bc2 f6 39. exf6+ Kxf6 40. Kf3 Rd5 41. Ke3 Na4 42. Rd1 Nxc3 43. Rxd5 Nxd5+ 44. Kd4 b4 45. Kxc4 Rxa3 46. Rxa3 bxa3 47. Bb3 Nb6+ 48. Kb4 Nd7 49. Kxa3 Nc5 50. Bc2 Ne6 51. Kb4 Nd4 52. Bd3 Nf5 53. Ba6 Nh6 54. f3 Nf5 55. g4 Ne3 56. gxh5 gxh5 57. Bc8 Nf5 58. Kc4 h4 59. Kd3 h3 60. Ke2 h2 61. Kf2 h1Q 62. Bxf5 Qh2+ 63. Ke3 Kxf5 0-1

[Event "Sharjah Ramadan op rapid"]
[Site "Sharjah"]
[Date "2019.05.14"]
[Round "4"]
[White "Dimakiling, Oliver"]
[Black "Marcos, Marvin"]
[Result "1-0"]
[WhiteElo "2411"]
[BlackElo "2111"]
[PlyCount "75"]
[EventDate "2019.05.13"]
[EventType "swiss (rapid)"]
[EventRounds "9"]
[EventCountry "UAE"]
[SourceTitle "CBM 190 Extra"]
[Source "ChessBase"]
[SourceDate "2019.07.15"]
[SourceVersion "1"]
[SourceVersionDate "2019.07.15"]
[SourceQuality "1"]

1. c4 g6 2. Nc3 Bg7 3. g3 c5 4. Nf3 Nc6 5. Bg2 d6 6. 0-0 e5 7. e3 Nge7 8. a3 a5 9. d4 0-0 10. dxe5 dxe5 11. Na4 Be6 12. Qb3 b5 13. Qxb5 Rb8 14. Qxc5 Qd3 15. Nc3 Qxc4 16. Qxc4 Bxc4 17. Rd1 Rfd8 18. Rxd8+ Rxd8 19. Nd2 Bd3 20. Bf1 Bxf1 21. Kxf1 f5 22. f3 g5 23. Ke2 h5 24. h3 Ng6 25. Nc4 f4 26. Ne4 h4 27. gxh4 gxh4 28. Bd2 fxe3 29. Bxe3 Nd4+ 30. Kf2 Nc2 31. Rg1 Nxe3 32. Kxe3 Nf4 33. Nxe5 Nxh3 34. Rg4 Kf8 35. f4 Rd1 36. Nd3 Rb1 37. Rxh4 Ng1 38. Rh1 1-0

[Event "Sharjah op rapid"]
[Site "Sharjah"]
[Date "2014.07.06"]
[Round "4"]
[White "Marcos, Marvin"]
[Black "Al Qudaimi, Basheer"]
[Result "0-1"]
[WhiteElo "2129"]
[BlackElo "2410"]
[PlyCount "94"]
[EventDate "2014.07.05"]
[EventType "swiss (rapid)"]
[EventRounds "9"]
[EventCountry "UAE"]
[SourceTitle "CBM 161 Extra"]
[Source "ChessBase"]
[SourceDate "2014.08.29"]
[SourceVersion "1"]
[SourceVersionDate "2014.08.29"]
[SourceQuality "1"]

1. d4 d5 2. Nf3 e6 3. Bf4 c5 4. e3 Nc6 5. c3 Qb6 6. Qb3 c4 7. Qc2 Nf6 8. Nbd2 Bd7 9. Be2 Nh5 10. Bg5 h6 11. Bh4 g5 12. Ne5 Nxe5 13. dxe5 Ng7 14. Bg3 Nf5 15. e4 Nxg3 16. hxg3 Bc5 17. Rf1 Qc7 18. 0-0-0 Qxe5 19. f4 gxf4 20. gxf4 Qg7 21. exd5 exd5 22. Bf3 0-0-0 23. Bxd5 Kb8 24. Nxc4 Qf6 25. Qb3 Qa6 26. Na3 Ba4 27. Qc4 Bxd1 28. Qxa6 bxa6 29. Rxd1 Be3+ 30. Kc2 Bxf4 31. Rd4 Bc7 32. Rb4+ Bb6 33. Bf3 a5 34. Rf4 Rd7 35. Nc4 Rc8 36. Ne5 Rdc7 37. Nxf7 Rf8 38. Bd5 Rd7 39. c4 Re7 40. Rf3 Re2+ 41. Kb3 Rxg2 42. c5 Bxc5 43. Rc3 Bd4 44. Rd3 Rxb2+ 45. Ka3 Rb4 46. Bb3 Rxf7 47. Bxf7 Bb2# 0-1

[Event "Dubai op 13th"]
[Site "Dubai"]
[Date "2011.04.13"]
[Round "4"]
[White "Udeshi, Aditya"]
[Black "Marcos, Marvin"]
[Result "1-0"]
[WhiteElo "2362"]
[BlackElo "2134"]
[PlyCount "77"]
[EventDate "2011.04.10"]
[EventType "swiss"]
[EventRounds "9"]
[EventCountry "UAE"]
[SourceTitle "CBM 141 Extra"]
[Source "ChessBase"]
[SourceDate "2011.05.03"]
[SourceVersion "1"]
[SourceVersionDate "2011.05.03"]
[SourceQuality "1"]

1. e4 e6 2. d4 d5 3. Nc3 Nf6 4. Bg5 Be7 5. e5 Nfd7 6. h4 a6 7. Qg4 Bxg5 8. hxg5 c5 9. dxc5 Nc6 10. 0-0-0 Ndxe5 11. Qg3 f5 12. f4 Ng6 13. Be2 Qc7 14. Bh5 Nce7 15. Qe3 0-0 16. Nge2 Bd7 17. Bxg6 Nxg6 18. Qh3 Kf7 19. Kb1 b6 20. cxb6 Qxb6 21. g4 Rfb8 22. b3 fxg4 23. Qxg4 Nf8 24. Rxh7 Kg8 25. Rh2 a5 26. Rdh1 Kf7 27. g6+ Ke8 28. Rh8 Qc5 29. Rg8 Kd8 30. Qg5+ Kc8 31. Rhh8 Kb7 32. Rxg7 Kc6 33. Qf6 a4 34. Qd4 Qd6 35. Nxa4 Rb4 36. Qc3+ Kb5 37. Nd4+ Ka6 38. Nc5+ Ka5 39. Nb7+ 1-0

[Event "Dubai op 12th"]
[Site "Dubai"]
[Date "2010.04.10"]
[Round "5"]
[White "Marcos, Marvin"]
[Black "Khukhashvili, Sopiko"]
[Result "0-1"]
[WhiteElo "2113"]
[BlackElo "2421"]
[PlyCount "150"]
[EventDate "2010.04.05"]
[EventType "swiss"]
[EventRounds "9"]
[EventCountry "UAE"]
[SourceTitle "CBM 135 Extra"]
[Source "ChessBase"]
[SourceDate "2010.05.04"]
[SourceVersion "1"]
[SourceVersionDate "2010.05.04"]
[SourceQuality "1"]

1. d4 Nf6 2. Nf3 e6 3. Bg5 h6 4. Bh4 d6 5. Nbd2 g5 6. Bg3 Nh5 7. e4 Bg7 8. c3 Nd7 9. Qc2 Qe7 10. Be2 0-0 11. Nf1 f5 12. N3d2 Ndf6 13. f3 f4 14. Bf2 e5 15. d5 c6 16. c4 cxd5 17. cxd5 Bd7 18. a4 Rfc8 19. Qb3 Rc7 20. Nc4 g4 21. Na3 Rac8 22. Rd1 a6 23. Bb6 Rc1 24. Nc4 Rxd1+ 25. Qxd1 gxf3 26. gxf3 Nh7 27. Bf2 Ng5 28. Nb6 Rc7 29. Nxd7 Qxd7 30. Bb6 Rc8 31. Rg1 Kh8 32. a5 Bf6 33. Kd2 Bd8 34. Qb3 Bxb6 35. axb6 Nf6 36. h4 Nf7 37. Rg6 Qd8 38. Qb4 Kh7 39. Rg1 Nd7 40. Nh2 h5 41. Nf1 Nxb6 42. Bd3 Rc7 43. Kd1 Nd7 44. Qe1 Rc8 45. Qf2 Qh8 46. Qh2 Rg8 47. Rxg8 Qxg8 48. b4 Nf6 49. Kc2 Qc8+ 50. Kb2 Qc7 51. Qf2 a5 52. bxa5 Qxa5 53. Nd2 Nd7 54. Nb3 Qb4 55. Qd2 Qxd2+ 56. Nxd2 Nf8 57. Kb3 Ng6 58. Kb4 Nxh4 59. Kb5 Ng2 60. Kb6 Kg7 61. Kxb7 Kf6 62. Kc7 Ke7 63. Nf1 Nh8 64. Nh2 Ng6 65. Ba6 N6h4 66. Bb5 Ne1 67. Be2 Nhg2 68. Bf1 Ne3 69. Be2 N1c2 70. Bd3 Nd4 71. Kc8 Ng2 72. Bf1 Ne1 73. Ba6 Ndxf3 74. Nf1 h4 75. Kc7 h3 0-1